Argentine market for photographic goods.

Bibliographic Details
Other Authors: Washington, Samuel Walter, 1901-1978
Format: Government Document eBook
Language:English
Published: Washington, D.C. : [publisher not identified], 1928.
Series:Specialties Div. Foreign Market Bull. No. 550
Subjects:
Online Access:Connect to the full text of this electronic document

MARC

Tag First Indicator Second Indicator Subfields
LEADER 00000cam a22000001a 4500
001 in00003672437
005 20190408175737.0
006 m o d f
007 cr bn mmmapmmp
008 040714s1928 dcu o f000 0 eng d
035 |a ebd1910209492 
040 |a UMI  |c UMI  |d UtOrBLW 
086 0 |a C 18.81:550 
099 |a C18.81-550 
245 0 0 |a Argentine market for photographic goods. 
264 1 |a Washington, D.C. :  |b [publisher not identified],  |c 1928. 
300 |a 1 online resource (4 pages) 
336 |a text  |b txt  |2 rdacontent 
337 |a computer  |b c  |2 rdamedia 
338 |a online resource  |b cr  |2 rdacarrier 
490 0 |a Specialties Div. Foreign Market Bull. No. 550 
500 |a [With data] 
500 |a Record is based on bibliographic data in ProQuest U.S. Executive Branch Documents, 1910-1932. Reuse except for individual research requires license from ProQuest, LLC. 
533 |a Electronic reproduction.  |b [Bethesda, Md.] :  |c ProQuest,  |d 2012.  |e digital, PDF file.  |n ProQuest U.S. Executive Branch Documents, 1910-1932.  |n Mode of access: World Wide Web via ProQuest website. 
538 |a System requirements: PDF reader software. 
500 |a Electronic resource. 
650 0 |a Photography.  |0 http://id.loc.gov/authorities/subjects/sh85101206 
655 7 |a Electronic books.  |2 local 
700 1 |a Washington, Samuel Walter,  |d 1901-1978.  |0 http://id.loc.gov/authorities/names/n99270661 
776 1 8 |i Microfiche version:  |t Argentine market for photographic goods  |o CIS US Exec MF C18.81-550  |w (ProQuest)cis19125872 
856 4 0 |u http://proxy.library.tamu.edu/login?url=http://congressional.proquest.com/congressional/docview/t66.d71.c18.81-550  |z Connect to the full text of this electronic document  |t 0 
999 f f |s bb901bf0-ec12-3824-a392-0b15c555974b  |i a11268de-9f4a-3fcd-af79-7db3c19133c5  |t 0 
952 f f |a Texas A&M University  |b College Station  |c Electronic Resources  |d Available Online  |t 0  |h No information provided 
998 f f |t 0  |l Available Online